International financial management : according to bangalore and VTU syllabus for MBA 4th sem students (Record no. 192312)

MARC details
000 -LEADER
fixed length control field 00474nam a2200157Ia 4500
005 - DATE AND TIME OF LATEST TRANSACTION
control field 20250407133242.0
008 - FIXED-LENGTH DATA ELEMENTS--GENERAL INFORMATION
fixed length control field 231217s9999 xx 000 0 und d
020 ## - INTERNATIONAL STANDARD BOOK NUMBER
International Standard Book Number 9788127268688
082 ## - DEWEY DECIMAL CLASSIFICATION NUMBER
Classification number 658.1 RAV;1 R
100 ## - MAIN ENTRY--PERSONAL NAME
Personal name Ravindra Babu, S.
245 #0 - TITLE STATEMENT
Title International financial management : according to bangalore and VTU syllabus for MBA 4th sem students
260 ## - PUBLICATION, DISTRIBUTION, ETC. (IMPRINT)
Date of publication, distribution, etc. 2011
Name of publisher, distributor, etc. Kalyani
Place of publication, distribution, etc. Ludhiyana
300 ## - PHYSICAL DESCRIPTION
Extent 9.7
650 ## - SUBJECT ADDED ENTRY--TOPICAL TERM
Topical term or geographic name as entry element financial,management,MBA
942 ## - ADDED ENTRY ELEMENTS (KOHA)
Koha item type Books
Holdings
Date last seen Total Checkouts Full call number Accession number Old discount Price effective from Category Lost status Damaged status Department Withdrawn status bill date Permanent Location Current Location Shelving location Entry date Grants Currency symbol Conversion rate Discount Discount type
26/01/2024   658.1 RAV;1 R 78198   26/01/2024 Books     Central Library   11/05/2016 Central Library Central Library Central Library 27/04/2011 DONATED RS 1   Rupees

© For any Suggestions or Query, please contact the library staff @ librarian@pes.edu or Phone: +9180 2672 1983/ 2108.